| Поле | Название | Значение |
| |
Тип записи |
c |
| |
Библиографический уровень |
m |
| 001 |
Контрольный номер |
RU/УОНБ/EK_N/507304645 |
| 005 |
Дата корректировки |
20250520122120.7 |
| 010 |
Индекс ISBN |
__ |
| 9 |
Тираж |
3000 экз. |
| 013 |
Номер (ISMN) |
__ |
| a |
Номер (ISMN) |
5-93138-001-9 |
| d |
Цена |
40 р. |
| 100 |
Данные общей обработки |
__ |
| a |
Данные общей обработки |
20160128d1998 u y0rusy0189||||ca |
| 101 |
Язык документа |
0_ |
| a |
Язык текста |
rus |
| c |
Язык оригинала |
rus |
| f |
Язык титульного листа |
rus |
| 102 |
Страна публикации |
__ |
| a |
Страна публикации |
RU |
| 105 |
Кодированные данные (монография) |
__ |
| a |
Кодированные данные (монография) |
y###||||000|y |
| 125 |
Кодированные данные звукозаписи и нотных изданий |
__ |
| a |
Форма изложения нотного текста |
с| |
| 128 |
Кодированные данные (звукозаписи-физические характеристики) |
__ |
| a |
Кодированные данные: Музыкальная форма и тональность или лад |
ccn |
| c |
Инструменты или голоса, рекомендуемые для солистов (устаревшее) |
vu|| |
| 200 |
Заглавие и сведения об ответственности |
1_ |
| a |
Заглавие |
Золотое кольцо |
| b |
Общее обозначение материала |
[Ноты] |
| e |
Сведения, относящиеся к заглавию |
песни из репертуара ансамбля "Золотое кольцо" в перелож. для фп. (баяна, гитары) с голосом |
| f |
Первые сведения об ответственности |
сост. В. В. Кулев, Ф. И. Такун |
| g |
Последующие сведения об ответственности |
ред. Е. А. Башкова |
| 210 |
Выходные данные |
1_ |
| a |
Место издания |
Москва |
| c |
Издательство |
Современная музыка |
| d |
Дата издания |
1998 |
| 215 |
Физическое описание |
__ |
| a |
Объем |
90 с. |
| d |
Формат |
24 см |
| 327 |
Примечание о содержании |
11 |
| a |
Примечание о содержании |
Содерж. : Москва златоглавая ; Калинка ; Ой, мороз, мороз ; Коробейники ; Вечерний звон ; Ах, Самара-городок ; Когда б имел златые горы ; Живет моя отрада ; Очаровательные глазки ; На горе колхоз ; На улице дождик ; Виновата ли я ; Напилася я пьяна ; Ой, то не вечер ; Окрасился месяц багрянцем ; Вот кто-то с горочки спустился ; По диким степям забайкалья : рус. нар. песни. - Фомин Б. Дорогой длинною / стихи Подревского. - Коробейники : рус. нар. песня / стихи Н. Некрасова. - Тонкая рябина : рус. нар. песня / стихи И. Сурикова. - Хас-Булат удалой : рус. нар. песня / стихи А. Аммосова. - Розпрягайте, хлопцi, конi : укр. нар. песня. - Как хотела меня мать : белорус. нар. песня. - Костюк А. Течет ручей / стихи П. Черняева ; Уходи, горе! / стихи В. Степанова. |
| 464 |
Аналитический уровень |
_0 |
| 1 |
|
2001 |
| a |
|
Москва златоглавая |
| e |
|
Москва златоглавая... |
| e |
|
рус. нар. песня |
| 464 |
Аналитический уровень |
_0 |
| 1 |
|
2001 |
| a |
|
Калинка |
| e |
|
Калинка, калинка, калинка моя... |
| e |
|
рус. нар. песня |
| 464 |
Аналитический уровень |
_0 |
| 1 |
|
2001 |
| a |
|
Ой, мороз, мороз |
| e |
|
Ой, мороз, мороз... |
| e |
|
рус. нар. песня |
| 464 |
Аналитический уровень |
_0 |
| 1 |
|
2001 |
| a |
|
Коробейники |
| e |
|
Ой, полна, полна коробушка... |
| e |
|
рус. нар. песня |
| 464 |
Аналитический уровень |
_0 |
| 1 |
|
2001 |
| a |
|
Вечерний звон |
| e |
|
Вечерний звон... |
| e |
|
рус. нар. песня |
| 464 |
Аналитический уровень |
_0 |
| 1 |
|
2001 |
| a |
|
Ах, Самара-городок |
| e |
|
Платок тонет и не тонет... |
| e |
|
рус. нар. песня |
| 464 |
Аналитический уровень |
_0 |
| 1 |
|
2001 |
| a |
|
Когда б имел златые горы |
| e |
|
Когда б имел златые горы... |
| e |
|
рус. нар. песня |
| 464 |
Аналитический уровень |
_0 |
| 1 |
|
2001 |
| a |
|
Живет моя отрада |
| e |
|
Живет моя отрада... |
| e |
|
рус. нар. песня |
| 1 |
|
702 1 |
| a |
|
Шишкин |
| b |
|
М. |
| 4 |
|
520 |
| 464 |
Аналитический уровень |
_0 |
| 1 |
|
2001 |
| a |
|
Очаровательные глазки |
| e |
|
Очаровательные глазки... |
| e |
|
рус. нар. песня |
| 464 |
Аналитический уровень |
_0 |
| 1 |
|
2001 |
| a |
|
На горе колхоз |
| e |
|
На горе колхоз... |
| e |
|
рус. нар. песня |
| 464 |
Аналитический уровень |
_0 |
| 1 |
|
2001 |
| a |
|
На улице дождик |
| e |
|
На улице дождик... |
| e |
|
рус. нар. песня |
| 464 |
Аналитический уровень |
_0 |
| 1 |
|
2001 |
| a |
|
Виновата ли я |
| e |
|
Виновата ли я, виновата ли я... |
| e |
|
рус. нар. песня |
| 464 |
Аналитический уровень |
_0 |
| 1 |
|
2001 |
| a |
|
Напилася я пьяна |
| e |
|
Напилася я пьяна... |
| e |
|
рус. нар. песня |
| 464 |
Аналитический уровень |
_0 |
| 1 |
|
2001 |
| a |
|
Ой, то не вечер |
| e |
|
Ой, то не вечер, то не вечер... |
| e |
|
рус. нар. песня |
| 464 |
Аналитический уровень |
_0 |
| 1 |
|
2001 |
| a |
|
Окрасился месяц багрянцем |
| e |
|
Окрасился месяц багрянцем... |
| e |
|
рус. нар. песня |
| 464 |
Аналитический уровень |
_0 |
| 1 |
|
2001 |
| a |
|
Вот кто-то с горочки спустился |
| e |
|
Вот кто-то с горочки спустился... |
| e |
|
рус. нар. песня |
| 464 |
Аналитический уровень |
_0 |
| 1 |
|
2001 |
| a |
|
По диким степям забайкалья |
| e |
|
По диким степям забайкалья... |
| e |
|
рус. нар. песня |
| 464 |
Аналитический уровень |
_0 |
| 1 |
|
2001 |
| a |
|
Дорогой длинною |
| e |
|
Ехали на тройке с бубенцами... |
| 1 |
|
700 1 |
| a |
|
Фомин |
| b |
|
Б. |
| 1 |
|
702 1 |
| a |
|
Подревский |
| b |
|
К. |
| 4 |
|
520 |
| 464 |
Аналитический уровень |
_0 |
| 1 |
|
2001 |
| a |
|
Коробейники |
| e |
|
Ой, полна, полна коробушка... |
| e |
|
рус. нар. песня |
| 1 |
|
702 1 |
| a |
|
Некрасов |
| b |
|
Н. |
| 4 |
|
520 |
| 464 |
Аналитический уровень |
_0 |
| 1 |
|
2001 |
| a |
|
Тонкая рябина |
| e |
|
Что стоишь, качаясь... |
| e |
|
рус. нар. песня |
| 1 |
|
702 1 |
| a |
|
Суриков |
| b |
|
И. |
| 4 |
|
520 |
| 464 |
Аналитический уровень |
_0 |
| 1 |
|
2001 |
| a |
|
Хас-Булат удалой |
| e |
|
Хас-Булат удалой... |
| e |
|
рус. нар. песня |
| 1 |
|
702 1 |
| a |
|
Аммосов |
| b |
|
А. |
| 4 |
|
520 |
| 464 |
Аналитический уровень |
_0 |
| 1 |
|
2001 |
| a |
|
Розпрягайте, хлопцi, конi |
| e |
|
Розпрягайте, хлопцi, конi... |
| e |
|
укр. нар. песня |
| 464 |
Аналитический уровень |
_0 |
| 1 |
|
2001 |
| a |
|
Как хотела меня мать |
| e |
|
Как хотела меня мать... |
| e |
|
белорус. нар. песня |
| 464 |
Аналитический уровень |
_0 |
| 1 |
|
2001 |
| a |
|
Течет ручей |
| e |
|
Вот и прошли года, но мы не старые... |
| 1 |
|
700 1 |
| a |
|
Костюк |
| b |
|
А. |
| 1 |
|
702 1 |
| a |
|
Черняев |
| b |
|
П. |
| 4 |
|
520 |
| 464 |
Аналитический уровень |
_0 |
| 1 |
|
2001 |
| a |
|
Уходи, горе! |
| e |
|
Первые слезы - не беда... |
| 1 |
|
700 1 |
| a |
|
Костюк |
| b |
|
А. |
| 1 |
|
702 1 |
| a |
|
Степанов |
| b |
|
В. |
| 4 |
|
520 |
| 512 |
Заглавие обложки |
1_ |
| a |
Заглавие обложки |
Золотое кольцо |
| 606 |
Тематические рубрики |
0_ |
| a |
Основная рубрика |
Русские народные песни |
| x |
Основная подрубрика |
Из репертуара |
| 610 |
Ключевые слова |
0_ |
| a |
Ключевые слова |
русские народные песни |
| 610 |
Ключевые слова |
0_ |
| a |
Ключевые слова |
из репертуара |
| 686 |
Индексы других классификаций |
__ |
| a |
Классификационный индекс |
85.92-4(2Рос) |
| a |
Классификационный индекс |
85.943.4-092 |
| 2 |
Код системы |
rubbk |
| 702 |
Вторичная интеллектуальная ответственность |
_1 |
| a |
Фамилия |
Кулев |
| b |
Имя (инициалы) |
В. В. |
| 4 |
Код отношения |
220 |
| 702 |
Вторичная интеллектуальная ответственность |
_1 |
| a |
Фамилия |
Такун |
| b |
Имя (инициалы) |
Ф. И. |
| 4 |
Код отношения |
220 |
| 702 |
Вторичная интеллектуальная ответственность |
_1 |
| a |
Фамилия |
Башкова |
| b |
Имя (инициалы) |
Е. А. |
| 4 |
Код отношения |
340 |
| 801 |
Источник записи |
_0 |
| a |
Страна |
RU |
| b |
Организация |
Ульяновская ОНБ |
| c |
Дата составления |
20160128 |
| g |
Правила каталогизации |
RCR |
| 801 |
Источник записи |
_1 |
| a |
Страна |
RU |
| b |
Организация |
Ульяновская ОНБ |
| c |
Дата составления |
20160128 |
| g |
Правила каталогизации |
RCR |
| 901 |
Тип документа |
__ |
| t |
Тип документа |
m |
| 909 |
Создатель записи |
__ |
| a |
Создатель записи |
Никитина Т. А. |
| 938 |
Служебная информация |
__ |
| a |
Имя БД |
noti |
| b |
Имя библиотеки |
УОНБ |
| c |
Имя АИБС |
МАРК-SQL |
| d |
Номер DOC_ID в БД |
14204 |